European countries with the most history - Statistics

General Stats
  • This quiz has been taken 49 times
  • The average score is 13 of 15
Answer Stats
Number Country % Correct
6 France
100%
8 Germany
100%
3 Russia
98%
2 Spain
98%
5 United Kingdom
98%
1 Greece
95%
4 Italy
95%
7 Portugal
91%
11 Austria
84%
9 Poland
84%
12 Hungary
73%
10 Ireland
70%
14 Belgium
64%
15 Romania
59%
13 Switzerland
57%
No matching quizzes found
Score Distribution
Percent of People with Each Score
Percentile by Number Answered
Your Score History
You have not taken this quiz